Taylor Swift - Devine la chanson sans indices #82 - Statistiques

Statistiques générales
  • Ce quiz a été pris 184 fois
  • Le résultat moyen est 259 sur 385
Statistiques - réponses
Réponse % Correct
I
98%
a
95%
you
91%
You
91%
oh
89%
Oh,
89%
(oh)
89%
oh)
89%
love
88%
love,
88%
love)
88%
the
87%
is
84%
me,
82%
Your
81%
to
80%
and
79%
And
79%
on
78%
on,
78%
go
77%
this
76%
This
76%
(This
76%
(this
76%
it
74%
in
72%
In
72%
you're
72%
my
71%
what
70%
were
67%
When
67%
back
66%
good
65%
bad
64%
from
60%
had
59%
came
56%
of
55%
could
54%
But
52%
for
49%
just
49%
let
48%
alive
47%
free
47%
dead,
46%
blue
45%
will,
44%
These
40%
come
38%
dark,
38%
gone
38%
gone,
38%
hands
38%
never
38%
up
38%
out
36%
night
35%
water
35%
dreams
33%
that's
33%
time
33%
Clear
32%
leave
32%
kiss,
30%
again
29%
left
29%
Been
28%
cheek
28%
watched
28%
wildest
27%
young
27%
knees
26%
only
26%
permanent
26%
fell
25%
mark
25%
need
25%
someone
25%
brought
24%
dreamed
24%
glowing
23%
new
23%
screams
23%
silent
22%
skies
22%
High
21%
run
21%
still
21%
tide
19%
darker,
18%
grow
18%
losing
17%
ships
17%
showed
17%
sinking
17%
smile,
17%
through
17%
Tossing,
17%
burning,
16%
mind,
16%
turning,
16%
Lantern,
15%
ghost
14%
swept
14%
currents
13%
struggle
13%
grip,
12%
flickered
11%
Aucun quiz correspondant
Distribution des résultats
% des personnes avec chaque résultat
Percentile par nombre de réponses
Votre historique - résultats
Vous n’avez pas pris ce quiz